|
|
|
|
| LEADER |
00000nab a2200000 a 4500 |
| 001 |
vtls010577513 |
| 003 |
SK-MaSNL |
| 005 |
20260304234013.0 |
| 008 |
140220c2014 xo wrzp 0 0slo |
| 015 |
|
|
|a SNBRB2014/01
|2 rvgkpd
|
| 038 |
|
|
|a RVGKPD
|
| 040 |
|
|
|a RVGKPD
|b slo
|c RVGKPD
|e AACR2
|
| 041 |
0 |
|
|a slo
|
| 044 |
|
|
|a xo
|c SK
|
| 080 |
|
|
|a 728.82
|2 1997
|
| 100 |
1 |
|
|a Kubínyi, Peter,
|d 1961-1
|4 aut
|9 114639
|
| 245 |
1 |
0 |
|a Za plotom
|b révayovský kaštieľ a park v Turčianskej Štiavničke vlani zmenili majiteľa a čoskoro sa ocitli za ostnatým drôtom
|c Peter Kubínyi
|
| 246 |
3 |
|
|a Révayovský kaštieľ zmenil majiteľa: Bude z neho penzión pre bohatých dôchodcov? [elektronický zdroj]
|
| 300 |
|
|
|b Fotogr.
|
| 650 |
0 |
7 |
|a kaštiele
|2 rvgkpd
|9 28599
|
| 651 |
|
7 |
|a Turčianska Štiavnička (Slovensko)
|2 rvgkpd
|9 263288
|
| 773 |
0 |
|
|t Plus 7 dní
|g Roč. XXIV, č. 7 (2014), s. 76-78
|x 1210-4040
|
| 852 |
|
|
|a RVGKPD
|b KIS3G
|
| 856 |
4 |
1 |
|u http://www.pluska.sk/plus-7-dni/domov/bude-z-neho-penzion-bohatych-dochodcov-revayovsky-kastiel-ma-majitelku-z-ruska.html
|
| 992 |
|
|
|a RBX
|
| 999 |
|
|
|c 3201439
|d 3203369
|